000 02211cam a2200457 i 4500
999 _c4844
_d4844
001 864503874
003 OCoLC
005 20181217104700.0
008 131201s2014 miu b 000 0 eng
010 _a2013046766
020 _a9780310275961
_q(hardcover)
020 _a0310275962
_q(hardcover)
020 _a9780310691280
020 _a0310691281
020 _a0310691273
_q(pbk.)
020 _a9780310691273
_q(pbk.)
020 _a9780310275978
_q(paperback)
020 _a0310275970
_q(paperback)
035 _a(OCoLC)864503874
040 _aDLC
_beng
_erda
_cDLC
_dIG#
_dBTCTA
_dBDX
_dYDXCP
_dITU
_dOCO
_dVP@
_dAZH
_dOCLCF
_dFM0
_dCNTCS
_dRCT
_dOCLCQ
_dSHM
042 _apcc
050 0 0 _aBV4501.3
_b.O767 2014
082 0 0 _a233
_223
_bO77S
092 _a233.5
_bOr8s
100 1 _aOrtberg, John.
245 1 0 _aSoul keeping :
_bcaring for the most important part of you /
_cJohn Ortberg.
250 _a1st [edition].
264 1 _aGrand Rapids, Michigan :
_bZondervan,
_c[2014]
300 _a207 pages ;
_c23 cm
336 _atext
_btxt
_2rdacontent
337 _aunmediated
_bn
_2rdamedia
338 _avolume
_bnc
_2rdacarrier
500 _a"A guided journey into the tiny, fragile, vulnerable, precious thing about you."
504 _aIncludes bibliographical references.
505 0 _aPrologue: the keeper of the stream -- Introduction: holy ground -- I. What the soul is -- The soul nobody knows -- What is the soul? -- A soul-challenged world -- Lost souls -- Sin and the soul -- II. What the soul needs -- It's the nature of the soul to need -- The soul needs a keeper -- The soul needs a center -- The soul needs a future -- The soul needs to be with God -- The soul needs rest -- The soul needs freedom -- The soul needs blessing -- The soul needs satisfaction -- The soul needs gratitude -- III. The soul restored -- Dark night of the soul -- Morning -- Epilogue.
520 _aPresents a guide to rediscovering the soul and achieving divine depth in an age in which materialism and consumerism induce people to develop unhealthy, petty habits.
650 0 _aSpirituality
_xChristianity.
650 0 _aSpiritual life
_xChristianity.
650 0 _aSoul
_xChristianity.
942 _2ddc
_cBK